[Event "EOBCC 2020"]
[Site "Online"]
[Date "2020.12.18"]
[Round "1.132"]
[White "Shahinyan, David"]
[Black "Gurbanov, Andrei"]
[Result "1/2-1/2"]
[WhiteElo "2452"]
[BlackElo "2289"]
[PlyCount "252"]
[EventDate "2020.12.18"]
[EventType "tourn"]
[EventCountry "NET"]

1. e4 e5 2. Nf3 Nc6 3. d4 exd4 4. Nxd4 Bb4+ 5. c3 Bc5 6. Be3 Bb6 7. Nf5 Bxe3 8. Nxe3 Nge7 9. c4 d6 10. Nc3 O-O 11. Bd3 Ng6 12. O-O Nf4 13. Ncd5 Nxd3 14. Qxd3 Ne5 15. Qc2 c6 16. Nc3 Be6 17. b3 Ng4 18. Nxg4 Bxg4 19. f3 Be6 20. Rad1 Qc7 21. Rd2 f5 22. Rfd1 fxe4 23. Nxe4 d5 24. cxd5 Qb6+ 25. Kh1 cxd5 26. Nc3 Rac8 27. Qb2 Rfd8 28. Nxd5 Bxd5 29. Rxd5 Rxd5 30. Rxd5 Qf6 31. Qb1 Qf4 32. Rd1 h6 33. h3 Qe3 34. Qf5 Rc1 35. Rxc1 Qxc1+ 36. Kh2 Qc7+ 37. f4 a6 38. h4 Qe7 39. Qd5+ Kh8 40. g3 Qe2+ 41. Qg2 Qe7 42. Qd2 Qc7 43. Qe2 Qd7 44. h5 Qf7 45. Kg2 Qd7 46. Kf3 Qd5+ 47. Kf2 Qd4+ 48. Kg2 Qd5+ 49. Kh3 Qd7+ 50. g4 Qf7 51. Kg3 Qc7 52. Qd3 Qe7 53. Kf3 Qc7 54. a4 Qe7 55. Qe4 Qc7 56. Qe8+ Kh7 57. Qe4+ Kh8 58. g5 Qc3+ 59. Kg4 Qc8+ 60. Qf5 Qe8 61. Qe5 Qd7+ 62. Kf3 Qd3+ 63. Qe3 Qd5+ 64. Kg3 hxg5 65. fxg5 Qd6+ 66. Kg4 Qd7+ 67. Kf4 Qd6+ 68. Qe5 Qd2+ 69. Kf5 Qd7+ 70. Qe6 Qd3+ 71. Ke5 Qe3+ 72. Kd6 Qb6+ 73. Kd7 Qd4+ 74. Kc8 Qa7 75. Qe8+ Kh7 76. Qe4+ Kh8 77. Qxb7 Qc5+ 78. Kb8 Qxg5 79. Qc8+ Kh7 80. Qxa6 Qxh5 81. Qd3+ g6 82. Kb7 Qg5 83. Qd7+ Kh6 84. b4 Qg2+ 85. Qc6 Qg4 86. Qb6 Qd7+ 87. Kb8 Qxa4 88. b5 Qf4+ 89. Qc7 Qf8+ 90. Kb7 Qf3+ 91. Qc6 Qf7+ 92. Ka6 Qa2+ 93. Kb7 Qf7+ 94. Qc7 Qd5+ 95. Ka6 Qa2+ 96. Kb6 Qe6+ 97. Qc6 Qe3+ 98. Kc7 Qe7+ 99. Qd7 Qc5+ 100. Kb7 Qc3 101. b6 Qf3+ 102. Ka7 Qa3+ 103. Kb8 Qf8+ 104. Qc8 Qd6+ 105. Qc7 Qf8+ 106. Kb7 g5 107. Qc6+ Kh5 108. Qh1+ Kg4 109. Qg2+ Kh4 110. Qh2+ Kg4 111. Qe2+ Kh4 112. Qe1+ Kh5 113. Qh1+ Kg4 114. Qe4+ Kh5 115. Qh7+ Kg4 116. Qd7+ Kh4 117. Qh7+ Kg4 118. Ka7 Qa3+ 119. Kb8 Qd6+ 120. Kb7 Kf3 121. Qh3+ Kf2 122. Qg4 Qd5+ 123. Ka7 Qa5+ 124. Kb7 Qd5+ 125. Kc7 Qc5+ 126. Kb7 Qd5+ 1/2-1/2

[Event "EOBCC 2020"]
[Site "Online"]
[Date "2020.12.18"]
[Round "1.133"]
[White "Hirneise, Jens"]
[Black "Muradli, Mahammad"]
[Result "0-1"]
[WhiteElo "2289"]
[BlackElo "2449"]
[PlyCount "56"]
[EventDate "2020.12.18"]
[EventType "tourn"]
[EventCountry "NET"]

1. e4 c5 2. Nf3 d6 3. d4 cxd4 4. Nxd4 Nf6 5. Nc3 a6 6. Be3 e5 7. Nb3 Be6 8. f4 exf4 9. Bxf4 Nc6 10. Qe2 Ne5 11. h3 Be7 12. O-O-O Nfd7 13. Kb1 O-O 14. g4 Rc8 15. Qe3 b5 16. Nd5 Bxd5 17. exd5 Nb6 18. Qg3 Bh4 19. Qg2 Nec4 20. Nd4 Bf6 21. c3 Nxb2 22. Kxb2 Na4+ 23. Ka1 Nxc3 24. Rd2 Qb6 25. Be3 Qc5 26. g5 Nxd5 27. Kb2 Qc1+ 28. Kb3 Rc3# 0-1

[Event "EOBCC 2020"]
[Site "Online"]
[Date "2020.12.18"]
[Round "1.134"]
[White "Belyakov, Bogdan"]
[Black "Sukovic, Andrej"]
[Result "1-0"]
[WhiteElo "2450"]
[BlackElo "2282"]
[PlyCount "39"]
[EventDate "2020.12.18"]
[EventType "tourn"]
[EventCountry "NET"]

1. e4 c5 2. c3 Nf6 3. e5 Nd5 4. Nf3 Nc6 5. d4 cxd4 6. cxd4 d6 7. Bc4 dxe5 8. dxe5 Ndb4 9. Qb3 e6 10. Bg5 Qb6 11. Qd1 Bc5 12. O-O h6 13. Bh4 Nd4 14. Nc3 Bd7 15. Ne4 Nxf3+ 16. Qxf3 Bc6 17. a3 Nc2 18. Rad1 Nd4 19. Rxd4 Bxd4 20. Nd6+ 1-0

[Event "EOBCC 2020"]
[Site "Online"]
[Date "2020.12.18"]
[Round "1.135"]
[White "Walter, Szymon"]
[Black "Kolosowski, Mateusz"]
[Result "0-1"]
[WhiteElo "2281"]
[BlackElo "2448"]
[PlyCount "62"]
[EventDate "2020.12.18"]
[EventType "tourn"]
[EventCountry "NET"]

1. e4 e5 2. Nf3 Nc6 3. Bb5 a6 4. Ba4 d6 5. O-O Bd7 6. c3 g6 7. d4 Bg7 8. d5 Nce7 9. Bxd7+ Qxd7 10. c4 h6 11. Nc3 f5 12. Nd2 Nf6 13. c5 dxc5 14. Nc4 Nxe4 15. Nxe4 fxe4 16. d6 Nf5 17. dxc7 Qxc7 18. Qd5 Rd8 19. Qe6+ Qe7 20. Qxg6+ Qf7 21. Qg4 O-O 22. Qxe4 Rd4 23. Nxe5 Rxe4 24. Nxf7 Rxf7 25. Rb1 Re2 26. b4 c4 27. b5 a5 28. b6 Bd4 29. Rb5 Nd6 30. Rd5 Rfxf2 31. Rxf2 Re1# 0-1

[Event "EOBCC 2020"]
[Site "Online"]
[Date "2020.12.18"]
[Round "1.136"]
[White "Zarubitski, Viachaslau"]
[Black "Purtseladze, Maka"]
[Result "1/2-1/2"]
[WhiteElo "2448"]
[BlackElo "2274"]
[PlyCount "125"]
[EventDate "2020.12.18"]
[EventType "tourn"]
[EventCountry "NET"]

1. Nf3 d5 2. b3 c5 3. Bb2 Nc6 4. e3 a6 5. Be2 Bg4 6. O-O e6 7. c4 Nf6 8. cxd5 exd5 9. d4 Be7 10. h3 Be6 11. Nc3 O-O 12. Rc1 cxd4 13. Nxd4 Nxd4 14. Qxd4 Rc8 15. Rfd1 Qa5 16. Bf3 Rfd8 17. Qa4 Qxa4 18. Nxa4 b5 19. Nb6 Rxc1 20. Rxc1 Ne4 21. Rc7 Bd6 22. Ra7 Bc5 23. Rxa6 Nd2 24. Be2 b4 25. Bd4 Bxd4 26. exd4 Ne4 27. Na4 Rc8 28. Bf3 Nc3 29. Nc5 g6 30. a3 bxa3 31. Rxa3 Nb5 32. Ra4 Nxd4 33. Rxd4 Rxc5 34. h4 Rb5 35. b4 Kg7 36. Kf1 Kf6 37. Ke2 Ke5 38. Ke3 Rb6 39. Be2 f5 40. g3 h6 41. f4+ Kd6 42. Kd2 Rc6 43. Bb5 Rb6 44. Bd3 Rb8 45. Be2 Ra8 46. Ke3 Ra3+ 47. Rd3 Ra2 48. Bf3 Rb2 49. Rd4 Rb3+ 50. Kf2 Rb2+ 51. Ke3 Rb3+ 52. Kf2 Rb2+ 53. Be2 Kc6 54. Ke3 Kd6 55. Bd3 Bd7 56. Be2 Rb3+ 57. Kf2 Bc6 58. Bd3 Rb2+ 59. Ke3 Rb3 60. Kf2 Rb2+ 61. Ke3 Rb3 62. Kd2 Rb2+ 63. Ke3 1/2-1/2

[Event "EOBCC 2020"]
[Site "Online"]
[Date "2020.12.18"]
[Round "1.138"]
[White "Mammadzada, Gunay"]
[Black "Muller, Anthony"]
[Result "1-0"]
[WhiteElo "2443"]
[BlackElo "2269"]
[PlyCount "63"]
[EventDate "2020.12.18"]
[EventType "tourn"]
[EventCountry "NET"]

1. e4 e6 2. d4 d5 3. Nd2 Nf6 4. e5 Nfd7 5. Bd3 c5 6. c3 Nc6 7. Ne2 cxd4 8. cxd4 f6 9. exf6 Nxf6 10. Nf3 Bd6 11. O-O Qc7 12. h3 O-O 13. Be3 Bd7 14. Rc1 Rac8 15. Nc3 Qb8 16. Re1 Kh8 17. Nb5 Bb4 18. Bd2 a6 19. Bxb4 Nxb4 20. Nc3 Qf4 21. Bb1 Nc6 22. Na4 Rce8 23. Nc5 Bc8 24. Nxa6 Nxd4 25. Qxd4 Qxd4 26. Nxd4 bxa6 27. Nc6 Rf7 28. Ne5 Rb7 29. b3 Kg8 30. Bd3 Ra7 31. Nc6 Bd7 32. Nxa7 1-0

[Event "EOBCC 2020"]
[Site "Online"]
[Date "2020.12.18"]
[Round "1.139"]
[White "Beydullayeva, Govhar"]
[Black "Filip, Lucian-Ioan"]
[Result "1-0"]
[WhiteElo "2263"]
[BlackElo "2442"]
[PlyCount "117"]
[EventDate "2020.12.18"]
[EventType "tourn"]
[EventCountry "NET"]

1. Nf3 Nf6 2. c4 c5 3. Nc3 e6 4. g3 b6 5. Bg2 Bb7 6. O-O Be7 7. d4 cxd4 8. Qxd4 O-O 9. b3 d6 10. Ba3 Na6 11. Rfd1 Nc5 12. Nb5 Qb8 13. Nd2 Bxg2 14. Kxg2 a6 15. Nc3 Rd8 16. b4 Ncd7 17. Rac1 Ra7 18. e4 Rc8 19. Bb2 Rac7 20. f4 b5 21. cxb5 axb5 22. Qd3 Rb7 23. Nb3 d5 24. e5 Ne8 25. a3 Nc7 26. Na5 Rb6 27. Ne2 Ra6 28. Nc6 Rxc6 29. Rxc6 Qb7 30. Rdc1 Nb6 31. R6c2 Nc4 32. Nd4 Na8 33. Nb3 Nab6 34. Na5 Qd7 35. Bd4 Na4 36. Bf2 Qe8 37. Qe2 g6 38. Nb7 Qc6 39. Na5 Qa6 40. Bd4 Rd8 41. Nb3 Nxa3 42. Rc6 Qa8 43. Rc7 Bf8 44. Qg4 Nc4 45. Qh4 Qb8 46. Ra7 Bg7 47. Qe7 Rf8 48. Na5 Qc8 49. Nb7 Qe8 50. Qxe8 Rxe8 51. Nd6 Nxd6 52. exd6 Bxd4 53. d7 Rf8 54. Rc8 Bf6 55. Raa8 Nb6 56. Rxf8+ Kg7 57. Rg8+ Kh6 58. d8=Q Bxd8 59. Raxd8 1-0

[Event "EOBCC 2020"]
[Site "Online"]
[Date "2020.12.18"]
[Round "1.141"]
[White "Chyzy, Jakub"]
[Black "Grinev, Valeriy"]
[Result "1/2-1/2"]
[WhiteElo "2250"]
[BlackElo "2441"]
[PlyCount "129"]
[EventDate "2020.12.18"]
[EventType "tourn"]
[EventCountry "NET"]

1. e4 c5 2. Nf3 e6 3. d4 cxd4 4. Nxd4 a6 5. Bd3 Bc5 6. Nb3 Be7 7. O-O d6 8. Nc3 Nf6 9. f4 Nbd7 10. Kh1 Qc7 11. Qf3 b5 12. Bd2 Bb7 13. Rae1 b4 14. Ne2 a5 15. Nbd4 O-O 16. Ng1 Nc5 17. Qe2 Rad8 18. e5 dxe5 19. fxe5 Nxd3 20. Qxd3 Nd5 21. Rf3 Bh4 22. Rh3 Qe7 23. Ngf3 Nf4 24. Bxf4 Bxf3 25. gxf3 g6 26. Rd1 Kh8 27. c3 bxc3 28. bxc3 Bg5 29. Bxg5 Qxg5 30. Qe4 Rd5 31. Qh4 Qxh4 32. Rxh4 Rxe5 33. Re4 Rc5 34. Rc1 Rfc8 35. Re3 Rc4 36. Kg2 Rxd4 37. cxd4 Rxc1 38. Ra3 Rd1 39. Rxa5 Rxd4 40. a4 Rd2+ 41. Kg3 Ra2 42. Ra8+ Kg7 43. a5 g5 44. a6 h5 45. a7 Ra4 46. Kg2 h4 47. Kh3 f5 48. Kg2 Ra2+ 49. Kg1 h3 50. Kf1 e5 51. Kg1 g4 52. fxg4 fxg4 53. Re8 Rxa7 54. Rxe5 Ra1+ 55. Kf2 Ra2+ 56. Kg3 Rg2+ 57. Kh4 Kf6 58. Rg5 Rxh2 59. Rxg4 Rh1 60. Rg3 h2 61. Rg2 Kf5 62. Kh3 Kf4 63. Rf2+ Ke3 64. Rxh2 Rxh2+ 65. Kxh2 1/2-1/2

[Event "EOBCC 2020"]
[Site "Online"]
[Date "2020.12.18"]
[Round "1.142"]
[White "Hess, Max"]
[Black "Smirnova, Ekaterina"]
[Result "0-1"]
[WhiteElo "2430"]
[BlackElo "2239"]
[PlyCount "120"]
[EventDate "2020.12.18"]
[EventType "tourn"]
[EventCountry "NET"]

1. e4 e6 2. d4 d5 3. Nd2 c5 4. Ngf3 Nf6 5. e5 Nfd7 6. c3 Nc6 7. Bd3 cxd4 8. cxd4 Qb6 9. O-O Be7 10. a3 Nxd4 11. Nxd4 Qxd4 12. Nf3 Qb6 13. b4 O-O 14. Re1 Re8 15. Bg5 Nf8 16. Rc1 Bxg5 17. Nxg5 h6 18. Nf3 Bd7 19. Bb1 Rac8 20. Qd3 Qb5 21. Qd4 a5 22. Bd3 Qa4 23. Qb6 axb4 24. axb4 Rxc1 25. Rxc1 Qa3 26. Qe3 Qxb4 27. Rb1 Qa5 28. Rxb7 Bc6 29. Rb1 Ra8 30. h4 Qa7 31. Nd4 Bd7 32. Qf4 Qa3 33. Rb3 Qa1+ 34. Kh2 Ra3 35. Rxa3 Qxa3 36. Qd2 Qa4 37. g3 Qa7 38. Qc3 Qb8 39. Nb3 Ng6 40. Bxg6 fxg6 41. Nc5 Bc8 42. Nd3 Kh7 43. Nf4 Bd7 44. Qe3 Qe8 45. Qd3 Qf7 46. h5 Qf5 47. hxg6+ Kg8 48. Qxf5 exf5 49. Nxd5 Kf8 50. Kg2 Bc6 51. Kf3 Bxd5+ 52. Kf4 Be6 53. Ke3 Ke7 54. Kd4 Bc8 55. Kd5 Bb7+ 56. Kd4 Ke6 57. f4 Bf3 58. Kc5 Bh5 59. Kd4 Bxg6 60. Ke3 Be8 0-1

[Event "EOBCC 2020"]
[Site "Online"]
[Date "2020.12.18"]
[Round "1.143"]
[White "Dzida, Kamil"]
[Black "Vogel, Roven"]
[Result "1-0"]
[WhiteElo "2239"]
[BlackElo "2441"]
[PlyCount "25"]
[EventDate "2020.12.18"]
[EventType "tourn"]
[EventCountry "NET"]

1. e4 c5 2. Nf3 d6 3. d4 cxd4 4. Nxd4 Nf6 5. Nc3 Nc6 6. Bg5 e6 7. Qd2 a6 8. O-O-O Bd7 9. f4 Be7 10. Nf3 b5 11. Bxf6 gxf6 12. Kb1 Qc7 13. g3 1-0

[Event "EOBCC 2020"]
[Site "Online"]
[Date "2020.12.18"]
[Round "1.144"]
[White "Gretarsson, Helgi Ass"]
[Black "Suder, Jakub"]
[Result "1-0"]
[WhiteElo "2440"]
[BlackElo "2239"]
[PlyCount "59"]
[EventDate "2020.12.18"]
[EventType "tourn"]
[EventCountry "NET"]

1. d4 d5 2. c4 e6 3. Nc3 a6 4. cxd5 exd5 5. Bf4 Nf6 6. e3 Bd6 7. Bg5 c6 8. Bd3 Nbd7 9. Qc2 Qc7 10. Nge2 O-O 11. h3 b5 12. g4 Re8 13. Bxf6 Nxf6 14. g5 Ne4 15. Nxe4 dxe4 16. Bxe4 Bb7 17. Bxh7+ Kf8 18. Be4 Bb4+ 19. Kf1 Rad8 20. Rd1 Re7 21. h4 Rde8 22. Bg2 Bc8 23. Qh7 Re6 24. Qh8+ Ke7 25. Qxg7 Bd6 26. h5 Qd8 27. Bh3 Rg8 28. Qh7 Rh8 29. Qd3 Qc7 30. e4 1-0

[Event "EOBCC 2020"]
[Site "Online"]
[Date "2020.12.18"]
[Round "1.146"]
[White "Arabidze, Meri"]
[Black "Gevorgyan, Maria"]
[Result "1-0"]
[WhiteElo "2437"]
[BlackElo "2228"]
[PlyCount "171"]
[EventDate "2020.12.18"]
[EventType "tourn"]
[EventCountry "NET"]

1. Nf3 c5 2. c4 Nc6 3. Nc3 g6 4. g3 Bg7 5. Bg2 Nf6 6. O-O O-O 7. d4 cxd4 8. Nxd4 Qa5 9. e3 Qb4 10. Qb3 Qxb3 11. axb3 Ne8 12. Rd1 Nc7 13. Ndb5 Na6 14. Bd2 Nc5 15. Ra3 a6 16. Nd5 Bxb2 17. Ra2 Bg7 18. b4 Ne6 19. Nbc7 Nxc7 20. Nxc7 Rb8 21. b5 Ne5 22. Rc1 axb5 23. cxb5 b6 24. Na6 Bxa6 25. bxa6 Nc6 26. Bxc6 dxc6 27. Rxc6 Rfd8 28. Bb4 Bf6 29. a7 Ra8 30. Rxb6 Kg7 31. Kg2 Rd7 32. Rba6 Be5 33. Bc5 Rc7 34. Bb6 Rb7 35. e4 Bd6 36. Be3 Rc7 37. f4 Bc5 38. Bxc5 Rxc5 39. h4 Rc7 40. Kf3 h5 41. f5 Rb7 42. fxg6 fxg6 43. Kf4 Kf7 44. Kg5 Rb5+ 45. Kf4 Rb7 46. e5 e6 47. Kf3 Rb3+ 48. Kg2 Rb5 49. Rf2+ Ke7 50. Rf6 Rxe5 51. Rxg6 Kd7 52. Rg7+ Kc8 53. Rg8+ Kb7 54. Rxa8 Kxa8 55. Kf3 Rf5+ 56. Ke4 Rf6 57. Ke5 Rg6 58. Ra3 Rh6 59. Kd6 Rg6 60. Ke7 e5 61. Kf7 Rg4 62. Kf6 e4 63. Kf5 e3 64. Rxe3 Kxa7 65. Re7+ Kb6 66. Rh7 Rxg3 67. Rxh5 Kc7 68. Rg5 Rh3 69. Kg4 Rh1 70. Rd5 Kc6 71. Rd2 Rg1+ 72. Kh5 Kc7 73. Kh6 Rh1 74. h5 Kc6 75. Kg6 Kc7 76. h6 Kc6 77. h7 Rg1+ 78. Kf7 Rf1+ 79. Kg7 Rg1+ 80. Kh8 Rh1 81. Rg2 Ra1 82. Kg7 Ra7+ 83. Kh6 Ra8 84. Rg8 Ra1 85. h8=Q Rh1+ 86. Kg7 1-0

[Event "EOBCC 2020"]
[Site "Online"]
[Date "2020.12.18"]
[Round "1.148"]
[White "Grigorian, Spartak"]
[Black "Rudzinska, Michalina"]
[Result "1-0"]
[WhiteElo "2433"]
[BlackElo "2189"]
[PlyCount "71"]
[EventDate "2020.12.18"]
[EventType "tourn"]
[EventCountry "NET"]

1. d4 Nf6 2. c4 e6 3. Nc3 c5 4. d5 exd5 5. cxd5 d6 6. e4 g6 7. Bd3 Bg7 8. h3 O-O 9. Nf3 Re8 10. O-O Nbd7 11. Bf4 c4 12. Bc2 Nc5 13. Re1 a6 14. Nd4 Qc7 15. Rc1 b5 16. b4 Ncd7 17. a4 Nh5 18. Be3 bxa4 19. Bxa4 Bb7 20. Qd2 Reb8 21. Rc2 Nb6 22. Rec1 Nf6 23. Bc6 Bxc6 24. Nxc6 Re8 25. f3 Nfd7 26. Ne2 Ne5 27. Nxe5 Bxe5 28. Nd4 Rec8 29. Nc6 c3 30. Qf2 Nc4 31. Bd4 Qb7 32. Rxc3 Bxd4 33. Qxd4 a5 34. Rxc4 axb4 35. Ne7+ Qxe7 36. Rxc8+ 1-0

[Event "EOBCC 2020"]
[Site "Online"]
[Date "2020.12.18"]
[Round "1.149"]
[White "Fiedorek, Michal"]
[Black "Lizak, Peter"]
[Result "0-1"]
[WhiteElo "2176"]
[BlackElo "2433"]
[PlyCount "50"]
[EventDate "2020.12.18"]
[EventType "tourn"]
[EventCountry "NET"]

1. e4 e6 2. d4 d5 3. Nd2 h6 4. Ngf3 Nf6 5. e5 Nfd7 6. Bd3 c5 7. O-O cxd4 8. Nb3 Nc6 9. Re1 g5 10. Nbxd4 Bg7 11. Nxc6 bxc6 12. h3 Qc7 13. Qe2 Nc5 14. b3 a5 15. Bb2 Ba6 16. Bd4 Nxd3 17. cxd3 c5 18. Rac1 Bf8 19. Qc2 Rc8 20. Be3 Qb6 21. d4 c4 22. bxc4 Rxc4 23. Qd2 Bb4 24. Qe2 Rxc1 25. Bxc1 Bxe2 0-1

[Event "EOBCC 2020"]
[Site "Online"]
[Date "2020.12.18"]
[Round "1.150"]
[White "Ahmadzada, Ahmad"]
[Black "Wikar, Martyna"]
[Result "1-0"]
[WhiteElo "2431"]
[BlackElo "2171"]
[PlyCount "155"]
[EventDate "2020.12.18"]
[EventType "tourn"]
[EventCountry "NET"]

1. d4 Nf6 2. Nf3 d6 3. Nc3 Nbd7 4. e4 e5 5. Bc4 Be7 6. O-O O-O 7. Re1 c6 8. a4 Qc7 9. b3 Re8 10. Ba3 h6 11. Qd2 Bf8 12. h3 Nb6 13. Bf1 Be6 14. Rad1 Rad8 15. g3 Kh7 16. Bg2 g6 17. Bb2 Bg7 18. Qe3 Ng8 19. a5 Nc8 20. b4 b6 21. d5 cxd5 22. Nxd5 Bxd5 23. Rxd5 Qxc2 24. Bc3 Qa4 25. b5 Nf6 26. Rd2 Qxb5 27. Bf1 Qc6 28. Bb4 bxa5 29. Bxa5 Nb6 30. Rb2 Rb8 31. Nd2 Rec8 32. Reb1 Nbd7 33. Bc4 Rxb2 34. Rxb2 Qc5 35. Qxc5 Rxc5 36. Bb4 Rc6 37. Bxf7 Nb6 38. Ba5 h5 39. Kg2 Bf8 40. Be6 Kg7 41. h4 Be7 42. Ba2 Bd8 43. Bb4 Ne8 44. Ba3 Be7 45. Bb3 Rc7 46. Ra2 Kf6 47. Bb4 Rb7 48. Bc3 Nc7 49. f4 Nb5 50. Bb2 Nd4 51. Bxd4 exd4 52. Nf3 d3 53. Rd2 Nd7 54. Bd5 Rb4 55. Rxd3 Nc5 56. Ra3 Nxe4 57. Rxa7 Rb2+ 58. Kg1 Rb1+ 59. Kg2 Rb2+ 60. Kh3 Nf2+ 61. Kh2 Ng4+ 62. Kh1 Rb1+ 63. Ng1 Nf2+ 64. Kg2 Ng4 65. Bf3 Rb2+ 66. Ne2 Ne3+ 67. Kf2 Nf5 68. Rc7 Ke6 69. Ke1 d5 70. Rc6+ Bd6 71. Rc8 Kd7 72. Rg8 Bb4+ 73. Kd1 Ne3+ 74. Kc1 Rc2+ 75. Kb1 Ba3 76. Rb8 Kc7 77. Rb3 Bc5 78. Rxe3 1-0

[Event "EOBCC 2020"]
[Site "Online"]
[Date "2020.12.18"]
[Round "1.151"]
[White "Jagodzinski, Piotr"]
[Black "Kosakowski, Jakub"]
[Result "1-0"]
[WhiteElo "2145"]
[BlackElo "2431"]
[PlyCount "123"]
[EventDate "2020.12.18"]
[EventType "tourn"]
[EventCountry "NET"]

1. Nf3 Nf6 2. b3 g6 3. Bb2 Bg7 4. e3 O-O 5. Be2 b6 6. O-O Bb7 7. c4 d6 8. d4 Nbd7 9. Nc3 Ne4 10. Qc2 Nxc3 11. Bxc3 Nf6 12. d5 e6 13. dxe6 fxe6 14. Rad1 Qe7 15. b4 c5 16. a3 Rad8 17. Nd2 d5 18. Bf3 Qc7 19. bxc5 bxc5 20. Qb2 d4 21. exd4 cxd4 22. Bb4 Rfe8 23. Bxb7 Qxb7 24. c5 e5 25. Nc4 Qd5 26. Nd6 Rf8 27. Rfe1 h5 28. h3 a5 29. Bxa5 Qxc5 30. Nb7 Qd5 31. Bxd8 Rxd8 32. Nxd8 Qxd8 33. Rxe5 Nd5 34. Re4 Qg5 35. Qb3 Kh7 36. h4 Qf5 37. Qf3 Qc8 38. Rexd4 Nc3 39. Rd7 Nxd1 40. Qf7 Qc3 41. Rxd1 Qxa3 42. Rd7 Qc1+ 43. Kh2 Qc3 44. g3 Qb2 45. Kg2 Qc3 46. Rd6 Qc2 47. Rd8 Qe4+ 48. Kh2 Qc2 49. Ra8 Qe4 50. Rg8 Qd4 51. Rxg7+ Qxg7 52. Qxg7+ Kxg7 53. Kg2 Kf6 54. Kf3 Kf5 55. Ke3 Ke5 56. f3 Ke6 57. Ke4 Kf6 58. Kf4 Kf7 59. Kg5 Kg7 60. f4 Kf8 61. f5 gxf5 62. Kxf5 1-0

[Event "EOBCC 2020"]
[Site "Online"]
[Date "2020.12.18"]
[Round "1.152"]
[White "Atalik, Ekaterina"]
[Black "Starosta, Martyna"]
[Result "1-0"]
[WhiteElo "2450"]
[BlackElo "2094"]
[PlyCount "131"]
[EventDate "2020.12.18"]
[EventType "tourn"]
[EventCountry "NET"]

1. Nf3 Nf6 2. e3 g6 3. b3 Bg7 4. Bb2 O-O 5. Be2 d6 6. d4 c5 7. O-O Nbd7 8. c4 b6 9. Nbd2 Bb7 10. Qc2 Qc7 11. d5 b5 12. e4 bxc4 13. Nxc4 Nb6 14. Rae1 e5 15. g3 Nfd7 16. Nh4 Nxc4 17. Bxc4 Rae8 18. f4 exf4 19. Bxg7 Kxg7 20. Qc3+ Kg8 21. gxf4 Qd8 22. Ng2 Qf6 23. Qxf6 Nxf6 24. Bd3 Re7 25. Re2 Rfe8 26. Rfe1 Ng4 27. Bb5 Rd8 28. Bc4 Kg7 29. Nh4 Nh6 30. Nf3 a6 31. e5 Nf5 32. e6 f6 33. Kf2 Rc8 34. h4 h5 35. Rg1 Rce8 36. Ke1 Kh6 37. Kd2 Ba8 38. Reg2 Rg7 39. Ke2 Bb7 40. Kf2 Ba8 41. a3 Ree7 42. Ne1 Bb7 43. Rh2 Bc8 44. Nc2 a5 45. Ne3 Nd4 46. Rhg2 Bb7 47. f5 gxf5 48. Rxg7 Rxg7 49. Rxg7 Kxg7 50. Kg3 Kf8 51. Kf4 Ke7 52. Nxf5+ Nxf5 53. Kxf5 Ba8 54. Kg6 Bb7 55. Kxh5 Bc8 56. Kg6 Bb7 57. h5 f5 58. Kxf5 a4 59. bxa4 Bc8 60. h6 Bb7 61. h7 Ba8 62. h8=Q Bxd5 63. Qg7+ Kd8 64. Bxd5 Kc8 65. Qb7+ Kd8 66. Qd7# 1-0

[Event "EOBCC 2020"]
[Site "Online"]
[Date "2020.12.18"]
[Round "1.153"]
[White "Dylag, Emilia"]
[Black "Razin, Vadim"]
[Result "0-1"]
[WhiteElo "2082"]
[BlackElo "2428"]
[PlyCount "110"]
[EventDate "2020.12.18"]
[EventType "tourn"]
[EventCountry "NET"]

1. d4 d5 2. c4 dxc4 3. e4 c5 4. d5 Nf6 5. Nc3 e6 6. Bxc4 exd5 7. exd5 a6 8. a4 Bd6 9. Nge2 O-O 10. h3 h6 11. O-O Bf5 12. Bf4 Re8 13. Re1 Bxf4 14. Nxf4 Rxe1+ 15. Qxe1 Qd6 16. Qe3 Nbd7 17. a5 Re8 18. Qg3 Ne4 19. Nxe4 Rxe4 20. Nh5 Qg6 21. Bd3 Qxh5 22. Bxe4 Bxe4 23. Re1 Qxd5 24. Qf4 Bxg2 25. Kh2 Bf3 26. Re3 Bh5 27. Qc7 Bg6 28. Qd8+ Kh7 29. Re7 Bf5 30. Re8 Qd6+ 31. Kg1 Qd1+ 32. Kh2 Qf3 33. Rh8+ Kg6 34. Qh4 Be4 35. Qg3+ Qxg3+ 36. Kxg3 Bc6 37. Re8 Kf6 38. Re3 Ne5 39. Rc3 g5 40. Rxc5 Ke6 41. Rc3 f5 42. f4 gxf4+ 43. Kxf4 Ng6+ 44. Kg3 f4+ 45. Kf2 Ne5 46. Rb3 f3 47. Re3 Kf5 48. Rb3 Kf4 49. Rb4+ Be4 50. Rb3 Nd3+ 51. Kf1 Ke3 52. Rc3 Bf5 53. h4 Bh3+ 54. Kg1 f2+ 55. Kh2 f1=Q 0-1

[Event "EOBCC 2020"]
[Site "Online"]
[Date "2020.12.18"]
[Round "1.154"]
[White "Petriashvili, Nikoloz"]
[Black "Goraj, Barbara"]
[Result "1-0"]
[WhiteElo "2425"]
[BlackElo "2078"]
[PlyCount "85"]
[EventDate "2020.12.18"]
[EventType "tourn"]
[EventCountry "NET"]

1. d4 Nf6 2. c4 g6 3. g3 Bg7 4. Bg2 d6 5. Nf3 O-O 6. O-O Nc6 7. Nc3 Bg4 8. d5 Na5 9. Qa4 c5 10. dxc6 Nxc6 11. Rd1 Qc8 12. Be3 Nd7 13. Nd5 Re8 14. Rd2 Nc5 15. Qa3 Bxf3 16. exf3 Ne5 17. Rc1 e6 18. Nf4 Qc7 19. b3 Red8 20. Rcd1 b6 21. Ne2 Rac8 22. Nd4 a6 23. f4 Ng4 24. Nc6 Rd7 25. b4 Nb7 26. Qxa6 Nxe3 27. fxe3 Nd8 28. b5 Nb7 29. Na7 Rb8 30. Bxb7 Rxb7 31. Nc6 Bf8 32. Qa8 Kg7 33. a4 h5 34. a5 bxa5 35. Qxa5 Qxa5 36. Nxa5 Rbc7 37. Rb1 Ra7 38. Ra2 Be7 39. b6 Ra8 40. b7 Rb8 41. Rab2 Rc7 42. Rb6 Bd8 43. Nc6 1-0

[Event "EOBCC 2020"]
[Site "Online"]
[Date "2020.12.18"]
[Round "1.155"]
[White "Parol, Pola"]
[Black "Godart, Francois"]
[Result "0-1"]
[WhiteElo "2069"]
[BlackElo "2422"]
[PlyCount "96"]
[EventDate "2020.12.18"]
[EventType "tourn"]
[EventCountry "NET"]

1. e4 e6 2. d4 d5 3. Nd2 c5 4. exd5 Qxd5 5. Ngf3 cxd4 6. Bc4 Qd6 7. Nb3 Qb4+ 8. Nbd2 Nc6 9. O-O Nf6 10. Re1 Be7 11. a3 Qb6 12. Nb3 O-O 13. Nbxd4 Nxd4 14. Qxd4 Bc5 15. Qh4 Bd7 16. Bg5 Be7 17. Bb3 h6 18. Be3 Qa5 19. Rad1 Bc6 20. Bd2 Qh5 21. Qxh5 Nxh5 22. Ne5 Be8 23. Bc3 Bf6 24. Bd4 Rd8 25. Nf3 Bxd4 26. Rxd4 Bc6 27. Red1 Rxd4 28. Nxd4 Rd8 29. c3 Bd5 30. Bxd5 Rxd5 31. Rd2 Kf8 32. Kf1 Ke7 33. g3 Nf6 34. Ke2 Ne4 35. Rd3 Nc5 36. Rd2 Na4 37. Ke3 Kf6 38. f3 e5 39. Nb5 Rxb5 40. Rd6+ Ke7 41. Rd2 Rxb2 42. Rxb2 Nxb2 43. Ke4 Ke6 44. f4 f5+ 45. Ke3 e4 46. Kd4 b5 47. Ke3 Kd5 48. h3 h5 0-1

[Event "EOBCC 2020"]
[Site "Online"]
[Date "2020.12.18"]
[Round "1.156"]
[White "Matnadze, Ana"]
[Black "Szczurek, Krzysztof"]
[Result "0-1"]
[WhiteElo "2421"]
[BlackElo "2031"]
[PlyCount "98"]
[EventDate "2020.12.18"]
[EventType "tourn"]
[EventCountry "NET"]

1. d4 Nf6 2. Nf3 g6 3. g3 Bg7 4. Bg2 O-O 5. O-O d6 6. c4 Nbd7 7. Nc3 e5 8. h3 Qe7 9. e4 c6 10. Re1 h6 11. Be3 Kh7 12. Qc2 Ne8 13. Rad1 Nc7 14. Kh2 Nb6 15. c5 dxc5 16. dxe5 Nc4 17. Bf4 Nxe5 18. Nxe5 Bxe5 19. Bxe5 Qxe5 20. f4 Qe7 21. Qf2 Ne6 22. e5 Bd7 23. Ne4 Rad8 24. Rd6 b6 25. Red1 Nd4 26. g4 Be6 27. Nf6+ Kg7 28. Ne4 Bxa2 29. b4 Bd5 30. bxc5 bxc5 31. Nxc5 Nb5 32. Bxd5 Nxd6 33. exd6 Rxd6 34. Bb3 Rxd1 35. Bxd1 Rd8 36. Bf3 Qf6 37. Bg2 a5 38. Ne4 Qd4 39. Qa2 a4 40. g5 hxg5 41. Qc2 gxf4 42. Qxc6 a3 43. Qc2 Qb2 44. Qc7 a2 45. Qxd8 a1=Q 46. Ng5 Qf6 47. Qd5 Qae5 48. Qf3 Qexg5 49. Qe4 Qg3+ 0-1

[Event "EOBCC 2020"]
[Site "Online"]
[Date "2020.12.18"]
[Round "1.157"]
[White "Hertlein, Irena"]
[Black "Pantzar, Milton"]
[Result "0-1"]
[WhiteElo "1893"]
[BlackElo "2421"]
[PlyCount "76"]
[EventDate "2020.12.18"]
[EventType "tourn"]
[EventCountry "NET"]

1. d4 d5 2. Bf4 Nf6 3. e3 e6 4. Nd2 c5 5. c3 Be7 6. Bd3 O-O 7. Ngf3 Nh5 8. Bg3 Nc6 9. Ne5 g6 10. f4 Nxe5 11. fxe5 f6 12. exf6 Bxf6 13. Qe2 Nxg3 14. hxg3 e5 15. dxe5 Bxe5 16. Rxh7 Kxh7 17. Qh5+ Kg8 18. Qxg6+ Bg7 19. Qh7+ Kf7 20. Nf3 Qf6 21. Qh5+ Ke7 22. Qxd5 Qd6 23. Qg5+ Bf6 24. Qg6 Be6 25. O-O-O Rg8 26. Qh7+ Rg7 27. Qh5 Qxg3 28. Bb5 Rc8 29. Qh6 Qxg2 30. Qf4 Qg3 31. Qe4 Qc7 32. Nd2 a6 33. Be2 b5 34. Nf3 Qc6 35. Qf4 Qc7 36. Qe4 Rd8 37. Rf1 Qd6 38. Kb1 Qd5 0-1